000 00386nam a22001697a 4500
003 OSt
008 240504b |||||||| |||| 00| 0 eng d
020 _a9789355017574
082 _a005.133 SUC
100 _aSUNDARADASU,Suresh
245 _aCode with Python
250 _a1st Ed
260 _aNew Delhi
_bS.Chand
_c2023
300 _a288
700 _aRAMA SREE,S
942 _2ddc
_cBK
999 _c12621
_d12621